| 000 | 00341nam a2200133Ia 4500 | ||
|---|---|---|---|
| 005 | 20251222155132.0 | ||
| 008 | 251222s9999||||xx |||||||||||||| ||spa|| | ||
| 082 | _aESC.90 | ||
| 100 | _aBUSTIOS ROMANI Carlos. | ||
| 245 | 0 | _aLa salud pública, la seguridad social y el Perú demol | |
| 250 | _a1ra. ed. | ||
| 264 | _bCONCYTEC | ||
| 942 | _cLIB | ||
| 999 |
_c38840 _d38840 |
||